000 00784nam a22002057a 4500
005 20100803154028.0
010 _aENG-97969
020 _a9788178129358
_c135.00
035 _aEN-81502
037 _bDBAD/PUB
082 _a581
245 _aR. Gupta's popular master guide IFS-Indian forest service examination botany :
_bincluding paper I & II /
260 _aNew Delhi
_bRamesh Publishing House
_c2011
270 _a12-H, New Daryaganj Road, Opp. Traffic Kotwali
_bNew Delhi
_e110002
300 _avarious pagings
_c25cm (pbk)
500 _aConducted by union public service commission (UPSC)
650 _aBotany
_95421
942 _2ddc
_cEN
_h581
_mRGU
999 _c39033
_d39033